000 00505nam a2200169Ia 4500
003 GCL
008 140319s9999 xx 000 0 ara d
040 _aGCL /
_cGCL
082 0 4 _a813.3
_bم ف
100 1 _aمحمد على الصباح
245 1 0 _aقيثارة الدهر /
_cمحمد على الصباح
260 _a[S.N] :
_bالمؤسسة الجامعية للدراسات والنشر والتوزيع ،
_c1984
300 _a109 ص
490 _a
650 0 4 _aالقصص
942 _2ddc
_cBK
999 _c53483
_d53483